[Event "Arad op 16th"]
[Site "Arad"]
[Date "2023.08.08"]
[Round "3"]
[White "Prraneeth, Vuppala"]
[Black "Sinz, Bernhard"]
[Result "1-0"]
[WhiteElo "2485"]
[BlackElo "2311"]
[PlyCount "109"]
[EventDate "2023.08.07"]
[EventType "swiss"]
[EventRounds "9"]
[EventCountry "ROU"]
[SourceTitle "EXT 2024"]
[Source "ChessBase"]
[SourceDate "2023.10.10"]
[SourceVersion "1"]
[SourceVersionDate "2023.10.10"]
[SourceQuality "1"]

1. e4 e5 2. Nf3 Nc6 3. Bc4 Nf6 4. d3 Be7 5. 0-0 0-0 6. Re1 d6 7. a3 Be6 8. Nbd2 Qd7 9. h3 Rfe8 10. b3 Nd4 11. Nxd4 exd4 12. Bxe6 fxe6 13. e5 Nd5 14. Qg4 dxe5 15. Nf3 Bf6 16. Bg5 Qc6 17. Re2 Bxg5 18. Nxg5 h6 19. Nf3 e4 20. dxe4 Nc3 21. Rd2 e5 22. Re1 Qf6 23. Nh4 Rad8 24. Rd3 Qf4 25. Qxf4 exf4 26. e5 Kf7 27. Nf5 c5 28. g3 Kg6 29. Nh4+ Kh5 30. Ng2 fxg3 31. Rxg3 g5 32. f4 Rf8 33. e6 Rde8 34. Re5 Rf6 35. fxg5 hxg5 36. Rgxg5+ Kh6 37. Rh5+ Kg7 38. Reg5+ Rg6 39. Rxg6+ Kxg6 40. Nf4+ Kf6 41. Rxc5 Rg8+ 42. Kf1 b6 43. Rc7 Ke5 44. Rf7 Nd5 45. Nxd5 Kxe6 46. Rf5 Rc8 47. Rg5 Rxc2 48. Ke1 Rb2 49. Nf4+ Kf6 50. Rb5 Rh2 51. a4 Rb2 52. h4 Rh2 53. h5 Rh4 54. Nd3 Rh3 55. Nf2 1-0

[Event "Timisoara Foisor Memorial Rapid"]
[Site "Timisoara"]
[Date "2023.08.05"]
[Round "4"]
[White "Csonka, Balazs"]
[Black "Sinz, Bernhard"]
[Result "1-0"]
[WhiteElo "2480"]
[BlackElo "2311"]
[PlyCount "72"]
[EventDate "2023.08.05"]
[EventType "swiss (rapid)"]
[EventRounds "10"]
[EventCountry "ROU"]
[SourceTitle "CBM 215 Extra"]
[Source "ChessBase"]
[SourceDate "2023.09.30"]
[SourceVersion "1"]
[SourceVersionDate "2023.09.30"]
[SourceQuality "1"]

1. Nf3 d5 2. d4 c6 3. c4 e6 4. Nc3 dxc4 5. g3 b5 6. Bg2 Bb7 7. 0-0 Nd7 8. Ne5 Ngf6 9. Nxb5 Qb6 10. Na3 Bxa3 11. Nxc4 Qa6 12. Nxa3 c5 13. Bxb7 Qxb7 14. dxc5 Nxc5 15. Be3 Ncd7 16. Qb3 Qxb3 17. axb3 0-0 18. Nc4 a6 19. Ra3 Nd5 20. Bd4 Rfb8 21. Rfa1 Nb4 22. Rc1 f6 23. Na5 Rc8 24. Bc3 Rab8 25. Rd1 Nc5 26. Nc4 Nc2 27. Ra2 Nxb3 28. Nd6 Rc6 29. Ne4 f5 30. Ng5 h6 31. Nf3 Nc5 32. Ne5 Rcc8 33. Kg2 Ne4 34. Rxa6 Nxc3 35. bxc3 Rxc3 36. Rd7 Re8 1-0

[Event "Alicante Easter op 7th"]
[Site "La Nucia"]
[Date "2023.04.06"]
[Round "3"]
[White "Xu, Yi"]
[Black "Sinz, Bernhard"]
[Result "1-0"]
[WhiteElo "2505"]
[BlackElo "2313"]
[PlyCount "71"]
[EventDate "2023.04.05"]
[EventType "swiss"]
[EventRounds "9"]
[EventCountry "ESP"]
[SourceTitle "CBM 213 Extra"]
[Source "ChessBase"]
[SourceDate "2023.05.31"]
[SourceVersion "1"]
[SourceVersionDate "2023.05.31"]
[SourceQuality "1"]

1. e4 e5 2. Nf3 Nc6 3. Bc4 Nf6 4. d3 Be7 5. 0-0 0-0 6. Re1 d6 7. a4 Kh8 8. a5 a6 9. h3 Ng8 10. Nc3 f5 11. Nd5 Nf6 12. Ng5 Nxd5 13. Nxh7 Nf6 14. Nxf6 g6 15. Nd5 f4 16. d4 Kg7 17. b3 f3 18. dxe5 Nxe5 19. Qd2 Rh8 20. Bb2 c6 21. Nxe7 Qxe7 22. Rad1 Rd8 23. Re3 Bxh3 24. gxh3 Qg5+ 25. Kf1 Kh7 26. Bxe5 dxe5 27. Qc1 Qg2+ 28. Ke1 Rd4 29. Bf1 Qg5 30. c3 Rxd1+ 31. Qxd1 Rf8 32. Rxf3 Rxf3 33. Qxf3 Qc1+ 34. Qd1 Qxc3+ 35. Ke2 Qxa5 36. Qd7+ 1-0

[Event "Krakow op-A 32nd"]
[Site "Krakow"]
[Date "2022.01.03"]
[Round "8"]
[White "Ulasevich, Sergei"]
[Black "Sinz, Bernhard"]
[Result "1-0"]
[WhiteElo "2171"]
[BlackElo "2330"]
[PlyCount "153"]
[EventDate "2021.12.27"]
[EventType "swiss"]
[EventRounds "9"]
[EventCountry "POL"]
[SourceTitle "EXT 2023"]
[Source "ChessBase"]
[SourceDate "2022.10.05"]
[SourceVersion "1"]
[SourceVersionDate "2022.10.05"]
[SourceQuality "1"]

1. e4 e5 2. Nf3 Nc6 3. Bb5 a6 4. Ba4 Nf6 5. 0-0 Be7 6. d3 b5 7. Bb3 0-0 8. a4 Bb7 9. Nc3 b4 10. Nd5 Na5 11. Nxe7+ Qxe7 12. Ba2 d5 13. exd5 Qd6 14. d4 e4 15. Nh4 g6 16. c4 bxc3 17. bxc3 Nxd5 18. c4 Nc3 19. Qe1 Nxa2 20. Bh6 Nxc4 21. Bxf8 Rxf8 22. Qe2 Qxd4 23. Rxa2 Ne5 24. Qd2 Nd3 25. Qg5 Re8 26. Qg3 Qd5 27. Re2 c5 28. Nf3 c4 29. Ne1 Rd8 30. Nc2 f5 31. Rb1 f4 32. Qh4 Rd7 33. Qg4 Rf7 34. h4 Ne5 35. Qg5 f3 36. Rd2 Nd3 37. Qxd5 Bxd5 38. Ne3 Be6 39. Rb6 Bf5 40. Nxc4 fxg2 41. Kxg2 Bg4 42. Rxa6 Bf3+ 43. Kg3 Rc7 44. Ne3 Rf7 45. Nd5 Bh5 46. Nf6+ Kg7 47. Nxh5+ gxh5 48. Ra5 Rf3+ 49. Kh2 Nxf2 50. Rd7+ Kf6 51. Rd6+ Ke7 52. Rb6 Ng4+ 53. Kg1 Rg3+ 54. Kf1 Rf3+ 55. Ke1 Re3+ 56. Kd2 Rd3+ 57. Kc1 Rd7 58. Rxh5 Kd8 59. Ra6 Kc8 60. Re6 Nf2 61. Rc5+ Kd8 62. Rcc6 Nd3+ 63. Kb1 Rd4 64. Rcd6+ Rxd6 65. Rxd6+ Ke7 66. Rd4 Nf2 67. Rd2 e3 68. Re2 Ng4 69. Kc2 Kd6 70. Kd3 Kc5 71. Rc2+ Kb6 72. Ke2 h5 73. Rc4 Ka5 74. Rxg4 hxg4 75. Kxe3 g3 76. Kf3 g2 77. Kxg2 1-0

[Event "Krakow op-A 32nd"]
[Site "Krakow"]
[Date "2021.12.30"]
[Round "4"]
[White "Jaskolka, Tomasz"]
[Black "Sinz, Bernhard"]
[Result "1/2-1/2"]
[WhiteElo "2193"]
[BlackElo "2330"]
[PlyCount "93"]
[EventDate "2021.12.27"]
[EventType "swiss"]
[EventRounds "9"]
[EventCountry "POL"]
[SourceTitle "EXT 2023"]
[Source "ChessBase"]
[SourceDate "2022.10.05"]
[SourceVersion "1"]
[SourceVersionDate "2022.10.05"]
[SourceQuality "1"]

1. d4 d5 2. Bf4 Nf6 3. e3 c5 4. Nf3 Nc6 5. Nbd2 cxd4 6. exd4 Bf5 7. c3 e6 8. Qb3 Qc8 9. h3 Be7 10. Be2 0-0 11. g4 Be4 12. g5 Nd7 13. Nxe4 dxe4 14. Nd2 e5 15. dxe5 Ndxe5 16. Qd5 Nd3+ 17. Bxd3 exd3 18. Qxd3 Re8 19. 0-0 Rd8 20. Qg3 Qf5 21. Rfe1 Rd3 22. Qg4 Qxg4+ 23. hxg4 Bd6 24. Bxd6 Rxd2 25. Ba3 Rad8 26. Re4 f6 27. gxf6 gxf6 28. Kg2 Rc2 29. Rf4 Kg7 30. Re1 Ne5 31. Re3 Rdd2 32. g5 fxg5 33. Rf5 Ng6 34. Kg3 Rd1 35. Bc5 Rg1+ 36. Kh2 Rcc1 37. Bd4+ Kh6 38. Rh3+ Nh4 39. Rxh4+ gxh4 40. Be3+ Kg6 41. Bxc1 Rxc1 42. Rb5 b6 43. Kh3 Rc2 44. f3 Rf2 45. Kg4 h3 46. Kxh3 Rxf3+ 47. Kg4 1/2-1/2

[Event "Krakow op-A 32nd"]
[Site "Krakow"]
[Date "2021.12.28"]
[Round "2"]
[White "Maj, Pawel1111"]
[Black "Sinz, Bernhard"]
[Result "1-0"]
[WhiteElo "2145"]
[BlackElo "2330"]
[PlyCount "103"]
[EventDate "2021.12.27"]
[EventType "swiss"]
[EventRounds "9"]
[EventCountry "POL"]
[SourceTitle "EXT 2023"]
[Source "ChessBase"]
[SourceDate "2022.10.05"]
[SourceVersion "1"]
[SourceVersionDate "2022.10.05"]
[SourceQuality "1"]

1. e4 e5 2. Nf3 Nc6 3. Bb5 a6 4. Ba4 Nf6 5. 0-0 Be7 6. Re1 b5 7. Bb3 0-0 8. a4 d5 9. axb5 dxe4 10. bxc6 exf3 11. Qxf3 e4 12. Qe2 Bc5 13. h3 Qd6 14. d3 Bxh3 15. dxe4 Ng4 16. e5 Qg6 17. Bd5 Bxf2+ 18. Kf1 Qf5 19. gxh3 Bxe1+ 20. Kxe1 Nxe5 21. Ra3 Rad8 22. Be4 Qf6 23. Rg3 Qh4 24. Qg2 h6 25. Nc3 f5 26. Bd5+ Kh8 27. Qf2 Rxd5 28. Nxd5 Qe4+ 29. Ne3 f4 30. Qg2 Qb4+ 31. Bd2 Qe7 32. Nd5 Qh4 33. Bxf4 Rxf4 34. Nxf4 Qxf4 35. Ke2 Qc4+ 36. Kd1 Nxc6 37. Rc3 Qd4+ 38. Rd3 Qf6 39. Rd7 Ne5 40. Qa8+ Kh7 41. Qe4+ Kg8 42. Rd5 Ng6 43. c3 c6 44. Rd3 Ne7 45. Rf3 Qg5 46. Kc2 Nd5 47. c4 Nb4+ 48. Kb3 c5 49. Qe6+ Kh7 50. Qf5+ Qxf5 51. Rxf5 Nd3 52. h4 1-0

[Event "Innsbruck op 5th"]
[Site "Innsbruck"]
[Date "2021.08.22"]
[Round "3"]
[White "Sadhwani, Raunak"]
[Black "Sinz, Bernhard"]
[Result "1-0"]
[WhiteElo "2579"]
[BlackElo "2336"]
[PlyCount "93"]
[EventDate "2021.08.21"]
[EventType "swiss"]
[EventRounds "9"]
[EventCountry "AUT"]
[SourceTitle "CBM 204 Extra"]
[Source "ChessBase"]
[SourceDate "2021.11.30"]
[SourceVersion "1"]
[SourceVersionDate "2021.11.30"]
[SourceQuality "1"]

1. c4 e5 2. g3 c6 3. Nf3 e4 4. Nd4 d5 5. cxd5 Qxd5 6. Nc2 Nf6 7. Nc3 Qe6 8. Bg2 Bc5 9. b4 Bb6 10. Na4 Bc7 11. Bb2 Be5 12. d4 exd3 13. Qxd3 Bxb2 14. Nxb2 0-0 15. 0-0 Qe7 16. e4 a5 17. bxa5 Nbd7 18. f4 Rxa5 19. e5 Nd5 20. Nc4 Qc5+ 21. Kh1 Ra4 22. Nd6 Qc3 23. Qe2 N7b6 24. Rfc1 Nc4 25. Nb4 Qxb4 26. Rxc4 Qa5 27. Rxa4 Qxa4 28. f5 Qd4 29. Re1 Nc3 30. Qh5 Qd2 31. Rf1 Qe2 32. Qxe2 Nxe2 33. g4 h5 34. g5 Nd4 35. Rf4 c5 36. Bd5 Nc6 37. g6 Nxe5 38. gxf7+ Kh7 39. Re4 Nxf7 40. Bxf7 Bxf5 41. Re5 g6 42. Rxc5 Bh3 43. Rc7 Kh6 44. Rxb7 Rd8 45. Rb6 Kg5 46. Bxg6 Ra8 47. Bf7 1-0

[Event "Karlsruhe Grenke op"]
[Site "Karlsruhe"]
[Date "2019.04.20"]
[Round "5"]
[White "Sinz, Bernhard"]
[Black "Kardoeus, David"]
[Result "1/2-1/2"]
[WhiteElo "2361"]
[BlackElo "2189"]
[PlyCount "142"]
[EventDate "2019.04.18"]
[EventType "swiss"]
[EventRounds "9"]
[EventCountry "GER"]
[SourceTitle "CBM 189 Extra"]
[Source "ChessBase"]
[SourceDate "2019.06.03"]
[SourceVersion "1"]
[SourceVersionDate "2019.06.03"]
[SourceQuality "1"]

1. e4 c5 2. Nf3 Nc6 3. d4 cxd4 4. Nxd4 Nf6 5. Nc3 e5 6. Ndb5 d6 7. Bg5 a6 8. Na3 b5 9. Nd5 Be7 10. Nxe7 Nxe7 11. Bd3 d5 12. exd5 Qxd5 13. Qd2 Ne4 14. Qe3 Nxg5 15. Qxg5 Kf8 16. 0-0-0 f6 17. Qe3 Bb7 18. f4 Qd4 19. Qxd4 exd4 20. Rd2 Kf7 21. Re1 Rhe8 22. Rde2 Bd5 23. Bxb5 axb5 24. Nxb5 Rad8 25. Nxd4 f5 26. Ne6 Bxe6 27. Rxe6 Nd5 28. R6e5 Rxe5 29. Rxe5 Kf6 30. g3 g5 31. c4 Nb4 32. Rb5 Nd3+ 33. Kc2 gxf4 34. gxf4 Nxf4 35. a4 Ne6 36. Rd5 Nd4+ 37. Kc3 Rxd5 38. cxd5 Ke5 39. d6 Nc6 40. d7 Kd6 41. a5 Kxd7 42. b4 Kc7 43. Kc4 f4 44. b5 Nxa5+ 45. Kd4 f3 46. Ke3 Nc4+ 47. Kxf3 Kd7 48. Ke4 Nd6+ 49. Kf4 Ke6 50. Kg5 Kf7 51. Kh6 Kg8 52. b6 Nb7 53. Kh5 Kg7 54. Kg5 Nd6 55. Kh5 h6 56. Kg4 Kg6 57. Kf4 Kh5 58. Kg3 Kg5 59. Kf3 Kh4 60. Kg2 Kg4 61. Kf2 Kh3 62. Kf3 h5 63. Kf4 Kh4 64. Kf3 Nb7 65. Kf4 Nc5 66. Kf5 Nb7 67. Kg6 Kg4 68. h3+ Kh4 69. Kh6 Nc5 70. Kg6 Nb7 71. Kh6 Nc5 1/2-1/2

[Event "Oberliga Wuerttemberg 1819"]
[Site "Wuerttemberg"]
[Date "2019.01.13"]
[Round "5"]
[White "Zeller, Frank"]
[Black "Sinz, Bernhard"]
[Result "1-0"]
[WhiteElo "2371"]
[BlackElo "2390"]
[PlyCount "74"]
[EventDate "2018.09.23"]
[EventType "team-tourn"]
[EventRounds "9"]
[EventCountry "GER"]
[SourceTitle "EXT 2020"]
[Source "ChessBase"]
[SourceDate "2019.10.17"]
[SourceVersion "1"]
[SourceVersionDate "2019.10.17"]
[SourceQuality "1"]
[WhiteTeam "Deizisau II"]
[BlackTeam "Biberach"]
[WhiteTeamCountry "GER"]
[BlackTeamCountry "GER"]

1. d4 d5 2. c4 e6 3. Nf3 c6 4. Nc3 Nf6 5. Bg5 dxc4 6. e4 b5 7. a4 Bb7 8. axb5 cxb5 9. Nxb5 Bxe4 10. Bxc4 Be7 11. 0-0 0-0 12. Ne5 Nc6 13. Nc3 Qc7 14. Bxf6 gxf6 15. Nxc6 Bxc6 16. d5 Bb7 17. Qe2 Kh8 18. dxe6 fxe6 19. Bxe6 Bd6 20. Qh5 Rae8 21. Rfe1 Be5 22. Bd5 Bxd5 23. Nxd5 Qg7 24. Rad1 Rb8 25. b4 Rb5 26. Rd3 Rg8 27. g3 Rd8 28. Nxf6 Qxf6 29. Rxd8+ Qxd8 30. Rxe5 Rb8 31. Rd5 Qe7 32. Qd1 Qxb4 33. Qa1+ Qb2 34. Rd8+ Kg7 35. Rd7+ Kg6 36. Qa6+ Rb6 37. Qd3+ Kf6 1-0

[Event "Oberliga Wuerttemberg 1819"]
[Site "Wuerttemberg"]
[Date "2018.12.02"]
[Round "4"]
[White "Sinz, Bernhard"]
[Black "Gaehwiler, Gabriel"]
[Result "0-1"]
[WhiteElo "2390"]
[BlackElo "2436"]
[PlyCount "48"]
[EventDate "2018.09.23"]
[EventType "team-tourn"]
[EventRounds "9"]
[EventCountry "GER"]
[SourceTitle "EXT 2020"]
[Source "ChessBase"]
[SourceDate "2019.10.17"]
[SourceVersion "1"]
[SourceVersionDate "2019.10.17"]
[SourceQuality "1"]
[WhiteTeam "Biberach"]
[BlackTeam "Boeblingen"]
[WhiteTeamCountry "GER"]
[BlackTeamCountry "GER"]

1. e4 e5 2. f4 exf4 3. Nf3 Ne7 4. Qe2 Nbc6 5. d4 Ng6 6. h4 h5 7. e5 Nce7 8. Nc3 Nf5 9. Ne4 Be7 10. d5 d6 11. e6 fxe6 12. dxe6 Nfxh4 13. Nxh4 Bxh4+ 14. g3 Bxg3+ 15. Kd1 Qe7 16. Bh3 Ne5 17. Qb5+ c6 18. Qb3 0-0 19. Bd2 Ng4 20. Bxg4 hxg4 21. Ng5 Rf5 22. Rh5 Rxg5 23. Rxg5 Bxe6 24. Rxg7+ Kxg7 0-1

[Event "Wuerttemberg Masters"]
[Site "Illertissen"]
[Date "2018.08.27"]
[Round "3"]
[White "Sinz, Bernhard"]
[Black "Kvetny, Mark"]
[Result "0-1"]
[WhiteElo "2377"]
[BlackElo "2421"]
[PlyCount "92"]
[EventDate "2018.08.25"]
[EventType "tourn"]
[EventRounds "9"]
[EventCountry "GER"]
[EventCategory "6"]
[SourceTitle "CBM 186 Extra"]
[Source "ChessBase"]
[SourceDate "2018.08.24"]
[SourceVersion "1"]
[SourceVersionDate "2018.08.24"]
[SourceQuality "1"]

1. e4 c6 2. d4 d5 3. Nd2 dxe4 4. Nxe4 Nf6 5. Nxf6+ exf6 6. c3 Bd6 7. Bd3 0-0 8. Qc2 Re8+ 9. Ne2 h5 10. Bd2 Nd7 11. 0-0-0 Nf8 12. Kb1 Be6 13. Nf4 Bxf4 14. Bxf4 b5 15. Be4 Qd7 16. h3 Ng6 17. Bc1 h4 18. Rhe1 a5 19. Ka1 Ne7 20. g3 hxg3 21. Rg1 Bf5 22. Rxg3 Bxe4 23. Qxe4 Nf5 24. Qg4 Qd5 25. Rf3 g6 26. Rg1 Kf8 27. Rf4 Re6 28. h4 Ng7 29. Rf3 Rae8 30. Re3 Qh5 31. Qf4 Nf5 32. Rxe6 Rxe6 33. Rh1 Kg7 34. Be3 Ne7 35. Rg1 Nd5 36. Qg3 Re4 37. Rh1 a4 38. a3 f5 39. Bg5 f4 40. Qh3 f6 41. Qd7+ Ne7 42. Bxf4 Qf3 43. Rg1 Qxf4 44. h5 Qxf2 45. Rxg6+ Kf7 46. Ka2 Re2 0-1

[Event "Riga Tech op 8th"]
[Site "Riga"]
[Date "2018.08.09"]
[Round "6"]
[White "Sinz, Bernhard"]
[Black "Pavlov, Sergey1111"]
[Result "1-0"]
[WhiteElo "2377"]
[BlackElo "2496"]
[PlyCount "63"]
[EventDate "2018.08.06"]
[EventType "swiss"]
[EventRounds "9"]
[EventCountry "LAT"]
[SourceTitle "CBM 185 Extra"]
[Source "ChessBase"]
[SourceDate "2018.07.29"]
[SourceVersion "1"]
[SourceVersionDate "2018.07.29"]
[SourceQuality "1"]

1. e4 Nf6 2. e5 Nd5 3. d4 d6 4. Nf3 Bg4 5. Be2 c6 6. h3 Bxf3 7. Bxf3 dxe5 8. dxe5 e6 9. 0-0 Nd7 10. Qe2 Qc7 11. Re1 Bc5 12. c4 Ne7 13. Bd2 Bd4 14. Bc3 Bxc3 15. Nxc3 Ng6 16. Bh5 Ndxe5 17. f4 Nd7 18. f5 Nf4 19. Bxf7+ Kxf7 20. fxe6+ Kg8 21. Qf3 Nc5 22. e7 Re8 23. g3 Nfd3 24. Nd5 Nxe1 25. Rxe1 Qd6 26. Rf1 h6 27. Qf7+ Kh7 28. Nf6+ Qxf6 29. Rxf6 Rhg8 30. Qg6+ Kh8 31. Qh5 Kh7 32. Rf8 1-0

[Event "Riga Tech op 8th"]
[Site "Riga"]
[Date "2018.08.07"]
[Round "3"]
[White "Lobanov, Sergei"]
[Black "Sinz, Bernhard"]
[Result "1/2-1/2"]
[WhiteElo "2531"]
[BlackElo "2377"]
[PlyCount "96"]
[EventDate "2018.08.06"]
[EventType "swiss"]
[EventRounds "9"]
[EventCountry "LAT"]
[SourceTitle "CBM 185 Extra"]
[Source "ChessBase"]
[SourceDate "2018.07.29"]
[SourceVersion "1"]
[SourceVersionDate "2018.07.29"]
[SourceQuality "1"]

1. e4 e5 2. Bc4 Nf6 3. d3 Nc6 4. Nf3 Be7 5. 0-0 0-0 6. Re1 d6 7. c3 Na5 8. Bb5 a6 9. Ba4 c5 10. d4 Qc7 11. Nbd2 Bd7 12. Bxd7 Nxd7 13. Nf1 Rfe8 14. Ne3 Rad8 15. Nd5 Qb8 16. b3 Nc6 17. Be3 Nf8 18. Qe2 Ne6 19. Rad1 exd4 20. cxd4 b5 21. Nxe7+ Nxe7 22. d5 Nf8 23. Nh4 Qc8 24. Bc1 Nfg6 25. Nxg6 Nxg6 26. g4 Ne5 27. f3 c4 28. Be3 cxb3 29. Rc1 Qd7 30. axb3 Rc8 31. h3 Rxc1 32. Rxc1 Rc8 33. f4 Rxc1+ 34. Bxc1 Ng6 35. Kg2 Qc7 36. Qd2 a5 37. Bb2 f6 38. Kg3 a4 39. bxa4 bxa4 40. e5 fxe5 41. fxe5 Qb6 42. Kh2 a3 43. Bd4 Nxe5 44. Bxe5 dxe5 45. d6 Qb2 46. Qxb2 axb2 47. d7 b1Q 48. d8Q+ Kf7 1/2-1/2

[Event "Oberliga Wuerttemberg 1718"]
[Site "Wuerttemberg"]
[Date "2018.04.22"]
[Round "9.17"]
[White "Kvetny, Mark"]
[Black "Sinz, Bernhard"]
[Result "1/2-1/2"]
[WhiteElo "2403"]
[BlackElo "2383"]
[PlyCount "29"]
[EventDate "2017.09.17"]
[EventType "team-tourn"]
[EventRounds "9"]
[EventCountry "GER"]
[SourceTitle "EXT 2019"]
[Source "ChessBase"]
[SourceDate "2018.10.10"]
[SourceVersion "1"]
[SourceVersionDate "2018.10.10"]
[SourceQuality "1"]
[WhiteTeam "Stuttgart SF"]
[BlackTeam "Biberach"]
[WhiteTeamCountry "GER"]
[BlackTeamCountry "GER"]

1. d4 d5 2. c4 e6 3. Nc3 c6 4. Nf3 Nf6 5. Bg5 dxc4 6. a4 Bb4 7. e4 Bxc3+ 8. bxc3 Qa5 9. e5 Ne4 10. Bd2 Qd5 11. Qc2 c5 12. Be3 Nc6 13. Rd1 cxd4 14. Nxd4 Nc5 15. Nb5 1/2-1/2

[Event "Oberliga Wuerttemberg 1718"]
[Site "Wuerttemberg"]
[Date "2018.03.18"]
[Round "8"]
[White "Plat, Vojtech"]
[Black "Sinz, Bernhard"]
[Result "1-0"]
[WhiteElo "2566"]
[BlackElo "2383"]
[PlyCount "137"]
[EventDate "2017.09.17"]
[EventType "team-tourn"]
[EventRounds "9"]
[EventCountry "GER"]
[SourceTitle "EXT 2019"]
[Source "ChessBase"]
[SourceDate "2018.10.10"]
[SourceVersion "1"]
[SourceVersionDate "2018.10.10"]
[SourceQuality "1"]
[WhiteTeam "Weiler im Allgaeu"]
[BlackTeam "Biberach"]
[WhiteTeamCountry "GER"]
[BlackTeamCountry "GER"]

1. e4 e5 2. Nf3 Nc6 3. Bc4 Bc5 4. c3 Nf6 5. d3 a6 6. 0-0 Ba7 7. Bg5 h6 8. Be3 0-0 9. Nbd2 d5 10. exd5 Nxd5 11. Bxa7 Rxa7 12. Re1 Nf4 13. Re3 Nd5 14. Bxd5 Qxd5 15. Qe2 Bg4 16. h3 Bh5 17. g4 Bg6 18. Nxe5 Nxe5 19. Rxe5 Qxd3 20. Qxd3 Bxd3 21. Re7 Rc8 22. Rae1 Kf8 23. c4 Raa8 24. Rd7 Bg6 25. Nf3 Re8 26. Ne5 Kg8 27. Rxc7 f6 28. Nf3 Rxe1+ 29. Nxe1 Be4 30. Rd7 Re8 31. Ng2 Bc6 32. Rd2 Kh7 33. Ne3 h5 34. Kh2 h4 35. Nc2 Re4 36. b3 Be8 37. Kg2 Kh6 38. f3 Re5 39. Kf2 a5 40. Ne3 Bc6 41. Nf5+ Kh7 42. Nxh4 b5 43. cxb5 Bxb5 44. Nf5 Rc5 45. Ne3 Rc7 46. h4 a4 47. Rd5 Rb7 48. Nf5 axb3 49. axb3 Bd7 50. Nd4 Be8 51. Rc5 Bf7 52. Rc3 Bd5 53. Ke3 Bf7 54. Rd3 Bg8 55. Kd2 Bf7 56. Kc3 Bd5 57. Re3 Bf7 58. Kb2 Rb4 59. Ne6 Rb5 60. Kc3 Ra5 61. Kd4 Rb5 62. Nc5 Kh6 63. Rc3 f5 64. gxf5 Kh5 65. Rc2 Rb4+ 66. Ke5 Rxh4 67. Ne4 Kh6 68. Rc8 g5 69. Kf6 1-0

[Event "Oberliga Wuerttemberg 1718"]
[Site "Wuerttemberg"]
[Date "2017.10.08"]
[Round "2"]
[White "Pikula, Dejan"]
[Black "Sinz, Bernhard"]
[Result "0-1"]
[WhiteElo "2458"]
[BlackElo "2383"]
[PlyCount "76"]
[EventDate "2017.09.17"]
[EventType "team-tourn"]
[EventRounds "9"]
[EventCountry "GER"]
[SourceTitle "EXT 2019"]
[Source "ChessBase"]
[SourceDate "2018.10.10"]
[SourceVersion "1"]
[SourceVersionDate "2018.10.10"]
[SourceQuality "1"]
[WhiteTeam "Jedesheim"]
[BlackTeam "Biberach"]
[WhiteTeamCountry "GER"]
[BlackTeamCountry "GER"]

1. e4 e5 2. Nf3 Nc6 3. Bb5 a6 4. Ba4 Nf6 5. 0-0 Be7 6. Re1 b5 7. Bb3 0-0 8. a4 b4 9. d3 d6 10. c3 Rb8 11. Nbd2 bxc3 12. bxc3 d5 13. Qc2 h6 14. exd5 Nxd5 15. Nxe5 Nxe5 16. Rxe5 Nf4 17. Nf3 Nxg2 18. Kxg2 Rb6 19. d4 Kh8 20. Rd5 Qe8 21. Ne5 Be6 22. c4 c6 23. Rc5 Bxc5 24. dxc5 Rb7 25. Qc3 f6 26. Nf3 Qg6+ 27. Kh1 Bh3 28. Ne1 Qe4+ 29. Nf3 Bg4 30. Kg2 Bxf3+ 31. Qxf3 Qxf3+ 32. Kxf3 Rxb3+ 33. Be3 f5 34. Kf4 g5+ 35. Ke5 Rd3 36. Ke6 Kg7 37. Rb1 Kg6 38. Rb6 Re8# 0-1

[Event "Oberliga Wuerttemberg 1718"]
[Site "Wuerttemberg"]
[Date "2017.09.17"]
[Round "1.1"]
[White "Sinz, Bernhard"]
[Black "Braun, Georg"]
[Result "1-0"]
[WhiteElo "2383"]
[BlackElo "2302"]
[PlyCount "69"]
[EventDate "2017.09.17"]
[EventType "team-tourn"]
[EventRounds "9"]
[EventCountry "GER"]
[SourceTitle "EXT 2019"]
[Source "ChessBase"]
[SourceDate "2018.10.10"]
[SourceVersion "1"]
[SourceVersionDate "2018.10.10"]
[SourceQuality "1"]
[WhiteTeam "Biberach"]
[BlackTeam "Bebenhausen"]
[WhiteTeamCountry "GER"]
[BlackTeamCountry "GER"]

1. e4 c5 2. Ne2 Nc6 3. Nbc3 g6 4. g3 Bg7 5. Bg2 d6 6. d3 e6 7. 0-0 Nge7 8. Bd2 0-0 9. Qc1 e5 10. Bh6 Be6 11. Bxg7 Kxg7 12. f4 exf4 13. Nxf4 Qd7 14. Qd2 Rae8 15. Rae1 a6 16. Nd1 b5 17. Ne3 b4 18. c3 bxc3 19. bxc3 Ne5 20. d4 Nc4 21. Nxc4 Bxc4 22. Rf2 Qc7 23. h4 h6 24. Kh2 Ng8 25. Nh3 Nf6 26. Rxf6 Kxf6 27. Qxh6 Rh8 28. e5+ dxe5 29. dxe5+ Ke7 30. Qf4 Bb5 31. a4 Bd3 32. Qf6+ Kd7 33. Nf4 c4 34. Nxd3 cxd3 35. Bh3+ 1-0

[Event "Karlsruhe Grenke op"]
[Site "Karlsruhe"]
[Date "2017.04.17"]
[Round "8"]
[White "Sinz, Bernhard"]
[Black "Khademalsharieh, Sarasadat"]
[Result "1/2-1/2"]
[WhiteElo "2323"]
[BlackElo "2450"]
[PlyCount "81"]
[EventDate "2017.04.13"]
[EventType "swiss"]
[EventRounds "9"]
[EventCountry "GER"]
[SourceTitle "CBM 177 Extra"]
[Source "ChessBase"]
[SourceDate "2017.04.27"]
[SourceVersion "1"]
[SourceVersionDate "2017.04.27"]
[SourceQuality "1"]

1. e4 e5 2. f4 d5 3. exd5 exf4 4. Nf3 Nf6 5. Be2 Nxd5 6. c4 Nf6 7. d4 Bd6 8. c5 Be7 9. Nc3 0-0 10. Bxf4 b6 11. cxb6 axb6 12. 0-0 Bb7 13. Rc1 c5 14. Kh1 Nd5 15. Nxd5 Bxd5 16. a3 Nd7 17. Ne5 Nxe5 18. Bxe5 f6 19. Bg3 Ra7 20. Bd3 g6 21. Qc2 Kg7 22. dxc5 Bxc5 23. Rcd1 Qa8 24. h4 Qc8 25. Kh2 Qe6 26. Rde1 Qd7 27. Bc4 Qc6 28. Rc1 Bd6 29. Bxd5 Bxg3+ 30. Kxg3 Qxd5 31. Qc3 Qd6+ 32. Kh3 Re7 33. Rcd1 Qe6+ 34. Kh2 Qe4 35. Qd4 Rff7 36. Rf4 Qc6 37. Qd6 Re6 38. Qxc6 Rxc6 39. Rfd4 h5 40. Rd6 Rfc7 41. Rxc6 1/2-1/2

[Event "Oberliga Wuerttemberg 1617"]
[Site "Wuerttemberg"]
[Date "2016.10.30"]
[Round "3.1"]
[White "Sinz, Bernhard"]
[Black "Braun, Georg"]
[Result "1/2-1/2"]
[WhiteElo "2282"]
[BlackElo "2237"]
[PlyCount "73"]
[EventDate "2016.09.25"]
[EventType "team-tourn"]
[EventRounds "11"]
[EventCountry "GER"]
[SourceTitle "EXT 2019"]
[Source "ChessBase"]
[SourceDate "2018.10.10"]
[SourceVersion "1"]
[SourceVersionDate "2018.10.10"]
[SourceQuality "1"]
[WhiteTeam "Biberach"]
[BlackTeam "Bebenhausen"]
[WhiteTeamCountry "GER"]
[BlackTeamCountry "GER"]

1. e4 c6 2. d4 d5 3. Nd2 dxe4 4. Nxe4 Bf5 5. Ng3 Bg6 6. h4 h6 7. Nf3 Nd7 8. h5 Bh7 9. Bd3 Bxd3 10. Qxd3 Qb6 11. Bf4 Qxb2 12. 0-0 Qb5 13. c4 Qa6 14. Rab1 e6 15. Qb3 Nb6 16. Rfc1 Nf6 17. c5 Nbd5 18. Be5 b5 19. cxb6 axb6 20. Rxc6 Be7 21. Bxf6 Bxf6 22. Nf5 0-0 23. Ne3 Nf4 24. d5 Qxa2 25. dxe6 Nxe6 26. Qxb6 Nf4 27. Rc2 Qa5 28. Qxa5 Rxa5 29. g4 Rd8 30. Rc4 Nd5 31. Nxd5 Raxd5 32. Rb7 R5d7 33. Rcc7 Rxc7 34. Rxc7 Re8 35. Kg2 Re4 36. Kg3 Be5+ 37. Nxe5 1/2-1/2